00406nam a2200145Ia 4500008004100000020001500041041001200056082001600068100001900084245007500103260003900178300000800217650001800225700001700243221030s9999 xx 000 0 und d a8178085917 aEnglish a105.23bHor aC. T. Horngren 0aIntroduction To Management Accountingcby C. T. Horngren, G. L. Sundem bPearson EducaitonaNew Delhic2003 a789 aBE Management aG. L. Sundem